Politická ekonómia názorné učebné pomôcky
Salvato in:
| Autore principale: | |
|---|---|
| Altri autori: | , |
| Natura: | Libro |
| Lingua: | slovacco |
| Pubblicazione: |
Bratislava
Pravda
1979
|
| Tags: |
Nessun Tag, puoi essere il primo ad aggiungerne!!
|
MARC
| LEADER | 00000nam a2200000 4500 | ||
|---|---|---|---|
| 001 | 0229924 | ||
| 005 | 20240822101706.0 | ||
| 041 | 0 | |a slo | |
| 044 | |a SK | ||
| 245 | 1 | 0 | |a Politická ekonómia |b názorné učebné pomôcky |c Viliam Jánoš, Oleg Rjabinin, Erik Hajdyla |
| 264 | 1 | |a Bratislava |b Pravda |c 1979 | |
| 300 | |a 400 s. | ||
| 100 | 1 | |a Jánoš, Viliam | |
| 700 | 1 | |a Rjabinin, Oleg | |
| 700 | 1 | |a Hajdyla, Erik | |